[Event "NOR-chB"]
[Site "Stavanger"]
[Date "2017.07.06"]
[Round "7"]
[White "Riisem, Oyvind"]
[Black "Madland, Kristoffer"]
[Result "1-0"]
[WhiteElo "2208"]
[BlackElo "2135"]
[PlyCount "67"]
[EventDate "2017.07.01"]
[EventType "swiss"]
[EventRounds "9"]
[EventCountry "NOR"]
[SourceTitle "CBM 179 Extra"]
[Source "ChessBase"]
[SourceDate "2017.08.23"]
[SourceVersion "1"]
[SourceVersionDate "2017.08.23"]
[SourceQuality "1"]

1. d4 d5 2. c4 c6 3. Nf3 Nf6 4. Nc3 e6 5. e3 Nbd7 6. Qc2 Bd6 7. g4 dxc4 8. Bxc4 e5 9. Bd2 exd4 10. Nxd4 Ne5 11. Be2 Nfxg4 12. Ne4 Be7 13. 0-0-0 0-0 14. Bc3 Qc7 15. h3 Nf6 16. f4 Ng6 17. h4 Nd5 18. Bd2 Re8 19. h5 Nf8 20. Bc4 Qb6 21. Rdg1 Bd7 22. Rg3 Ne6 23. Nf5 Kh8 24. Nxe7 Rxe7 25. h6 f5 26. hxg7+ Rxg7 27. Bc3 fxe4 28. Qxe4 Nxc3 29. Rxg7 Kxg7 30. Qxh7+ Kf8 31. Qh8+ Kf7 32. Rh7+ Kg6 33. Bd3+ Ne4 34. Bxe4# 1-0

[Event "NOR-ch Mester"]
[Site "Stavanger"]
[Date "2017.07.03"]
[Round "3"]
[White "Madland, Kristoffer"]
[Black "Snellingen, Jorn"]
[Result "1/2-1/2"]
[WhiteElo "2135"]
[BlackElo "2061"]
[PlyCount "56"]
[EventDate "2017.07.01"]
[EventType "swiss"]
[EventRounds "9"]
[EventCountry "NOR"]
[SourceTitle "EXT 2018"]
[Source "ChessBase"]
[SourceDate "2017.10.13"]
[SourceVersion "1"]
[SourceVersionDate "2017.10.13"]
[SourceQuality "1"]

1. e4 Nf6 2. e5 Nd5 3. d4 d6 4. c4 Nb6 5. exd6 cxd6 6. Nc3 g6 7. Bd3 Bg7 8. Nge2 Nc6 9. Be3 0-0 10. b3 e5 11. d5 Ne7 12. 0-0 Bf5 13. Rc1 Rc8 14. f3 Bxd3 15. Qxd3 Nf5 16. Bf2 Nh6 17. Rfd1 a6 18. Ne4 f5 19. N4g3 Nd7 20. f4 Ng4 21. h3 Nxf2 22. Kxf2 exf4 23. Nxf4 Nc5 24. Qf3 Ne4+ 25. Kg1 Qh4 26. Nge2 Be5 27. Nd3 Bg7 28. Rc2 g5 1/2-1/2

[Event "Arctic Chess Challenge"]
[Site "Tromsoe"]
[Date "2009.08.01"]
[Round "1"]
[White "Madland, Kristoffer"]
[Black "Rasmussen, Allan Stig"]
[Result "0-1"]
[WhiteElo "2017"]
[BlackElo "2536"]
[PlyCount "112"]
[EventDate "2009.08.01"]
[EventType "swiss"]
[EventRounds "9"]
[EventCountry "NOR"]
[SourceTitle "CBM 131 Extra"]
[Source "ChessBase"]
[SourceDate "2009.09.03"]
[SourceVersion "2"]
[SourceVersionDate "2009.09.16"]
[SourceQuality "1"]

1. e4 c6 2. d4 d5 3. Nc3 dxe4 4. Nxe4 Nd7 5. Bd3 Ngf6 6. Ng5 e6 7. N1f3 Bd6 8. Qe2 h6 9. Ne4 Nxe4 10. Qxe4 Nf6 11. Qh4 Ke7 12. Ne5 Bxe5 13. dxe5 Qa5+ 14. c3 Qxe5+ 15. Be3 b6 16. 0-0-0 g5 17. Qa4 c5 18. Rhe1 Bd7 19. Qa3 Rhd8 20. Bd4 Qf4+ 21. Kb1 Bc6 22. g3 Qf3 23. Be2 Qf5+ 24. Ka1 g4 25. Bd3 Ne4 26. Bxe4 Bxe4 27. Be3 a5 28. c4 Bc2 29. Rxd8 Rxd8 30. Qc3 f6 31. Rc1 Be4 32. Qe1 h5 33. Rd1 Bd3 34. Qc3 Qf3 35. Rg1 e5 36. b3 Be4 37. a3 Rd3 38. Qb2 Rd1+ 39. Rxd1 Qxd1+ 40. Ka2 Ke6 41. Qc1 Qd3 42. a4 Kf5 43. Kb2 Kg6 44. Qd2 Qb1+ 45. Kc3 h4 46. Qc1 Qd3+ 47. Kb2 h3 48. Qe1 Kf5 49. Qc1 Bf3 50. Qc2 Ke4 51. Kc1 Be2 52. Bh6 Kf3 53. Qxd3+ Bxd3 54. Kd2 e4 55. Ke1 Kg2 56. Bg7 Kxh2 0-1

[Event "Gibraltar Masters 7th"]
[Site "Gibraltar"]
[Date "2009.02.04"]
[Round "9"]
[White "Drenth, Jean Paul"]
[Black "Madland, Kristoffer"]
[Result "1-0"]
[WhiteElo "2140"]
[BlackElo "1992"]
[PlyCount "69"]
[EventDate "2009.01.27"]
[EventType "swiss"]
[EventRounds "10"]
[EventCountry "ENG"]
[SourceTitle "CBM 128 Extra"]
[Source "ChessBase"]
[SourceDate "2009.03.05"]
[SourceVersion "2"]
[SourceVersionDate "2009.03.25"]
[SourceQuality "1"]

1. c4 c6 2. e4 d5 3. exd5 cxd5 4. cxd5 Qxd5 5. Nc3 Qd8 6. Nf3 Nf6 7. Bc4 e6 8. 0-0 Be7 9. d4 0-0 10. Qe2 a6 11. a4 b6 12. Rd1 Bb7 13. Ne5 Nd5 14. Bd3 Nd7 15. Nxd5 exd5 16. Re1 Bf6 17. Ra3 g6 18. Bh6 Re8 19. f4 Bg7 20. Bxg7 Kxg7 21. Qg4 Nf6 22. Qh3 Ne4 23. Nxf7 Kxf7 24. Qxh7+ Kf8 25. Qxb7 Qf6 26. Bxe4 Qxd4+ 27. Kh1 Rab8 28. Qc7 dxe4 29. Rg3 Qd2 30. Rg1 Rbc8 31. Qxb6 Qxf4 32. Qxg6 Rc7 33. Qg8+ Ke7 34. Rg7+ Kf6 35. Rg6+ 1-0

[Event "Gibraltar Challengers1"]
[Site "Gibraltar"]
[Date "2009.01.28"]
[Round "2"]
[White "Urbina Perez, Juan Antonio"]
[Black "Madland, Kristoffer"]
[Result "1/2-1/2"]
[WhiteElo "2215"]
[BlackElo "1992"]
[PlyCount "74"]
[EventDate "2009.01.27"]
[EventType "tourn"]
[EventRounds "5"]
[EventCountry "ENG"]
[SourceTitle "EXT 2010"]
[Source "ChessBase"]
[SourceDate "2010.11.25"]
[SourceVersion "1"]
[SourceVersionDate "2010.11.25"]
[SourceQuality "1"]

1. e4 c5 2. Nf3 d6 3. d4 cxd4 4. Nxd4 Nf6 5. Nc3 a6 6. Be3 e6 7. Be2 b5 8. Bf3 e5 9. Nf5 d5 10. Bg5 d4 11. Bxf6 Qxf6 12. Nd5 Qd8 13. 0-0 g6 14. Nxd4 Bg7 15. Nb3 0-0 16. Qe2 Nd7 17. Qe3 Bb7 18. Rfd1 Bxd5 19. Rxd5 Qc7 20. Rad1 Nb6 21. Rc5 Qe7 22. Na5 Na4 23. Rcd5 Nxb2 24. Rb1 Na4 25. c4 Qc7 26. Qe1 Nb6 27. Rd2 Nxc4 28. Nxc4 Qxc4 29. Qe2 Qxe2 30. Bxe2 Rfd8 31. Rd5 Rxd5 32. exd5 Rd8 33. Rd1 Rd6 34. Kf1 Kf8 35. Rd3 Ke7 36. f3 Kd7 37. Bd1 Kc7 1/2-1/2

[Event "Gibraltar Masters 7th"]
[Site "Gibraltar"]
[Date "2009.01.27"]
[Round "1"]
[White "Machin Arbelo, Pedro Alexis"]
[Black "Madland, Kristoffer"]
[Result "0-1"]
[WhiteElo "2134"]
[BlackElo "1992"]
[PlyCount "118"]
[EventDate "2009.01.27"]
[EventType "swiss"]
[EventRounds "10"]
[EventCountry "ENG"]
[SourceTitle "CBM 128 Extra"]
[Source "ChessBase"]
[SourceDate "2009.03.05"]
[SourceVersion "2"]
[SourceVersionDate "2009.03.25"]
[SourceQuality "1"]

1. e4 c5 2. Nf3 d6 3. c3 Nf6 4. e5 dxe5 5. Nxe5 e6 6. Bb5+ Bd7 7. Nxd7 Nbxd7 8. 0-0 Bd6 9. d4 0-0 10. Bg5 Qc7 11. h3 Rac8 12. Nd2 Bf4 13. Nf3 Bxg5 14. Nxg5 a6 15. Bd3 cxd4 16. cxd4 h6 17. Nf3 Nd5 18. g3 N7f6 19. Qd2 Qb6 20. Rac1 Rxc1 21. Rxc1 Rd8 22. g4 Nb4 23. Bb1 Nc6 24. Qc3 g6 25. Rd1 e5 26. Qc4 Nxd4 27. Nxd4 Rxd4 28. Rxd4 Qxd4 29. Qxd4 exd4 30. Kf1 Kg7 31. Ke2 Nd5 32. Kf3 Nb4 33. Ke4 Nc6 34. Kd5 Kf6 35. f4 g5 36. f5 d3 37. a3 d2 38. Bc2 Ne5 39. Kd4 Nf3+ 40. Ke3 Ng1 41. Kxd2 Nxh3 42. Ke3 Ke5 43. Be4 b6 44. b4 Nf4 45. Bb7 a5 46. bxa5 bxa5 47. Bc6 h5 48. gxh5 Nxh5 49. Be8 Kf6 50. Kd4 Ng7 51. Bc6 Nxf5+ 52. Kc5 Ke5 53. Kb6 Nd4 54. Be8 g4 55. Bd7 f5 56. Bc8 g3 57. Bb7 f4 58. Kxa5 f3 59. Kb6 g2 0-1

[Event "Gibraltar Challengers1"]
[Site "Gibraltar"]
[Date "2009.01.27"]
[Round "1"]
[White "Madland, Kristoffer"]
[Black "Vea, Odin Blikra"]
[Result "0-1"]
[WhiteElo "1992"]
[BlackElo "2169"]
[PlyCount "140"]
[EventDate "2009.01.27"]
[EventType "tourn"]
[EventRounds "5"]
[EventCountry "ENG"]
[SourceTitle "EXT 2010"]
[Source "ChessBase"]
[SourceDate "2010.11.25"]
[SourceVersion "1"]
[SourceVersionDate "2010.11.25"]
[SourceQuality "1"]

1. e4 e5 2. Nf3 Nc6 3. Bc4 Nf6 4. d3 Be7 5. Nc3 d6 6. h3 Na5 7. 0-0 Nxc4 8. dxc4 0-0 9. Be3 b6 10. b3 Bb7 11. Nd2 Nxe4 12. Ndxe4 f5 13. Nd5 fxe4 14. Qg4 Bc8 15. Qxe4 Bf5 16. Nxe7+ Qxe7 17. Qd5+ Kh8 18. c3 Qh4 19. Qd2 Bxh3 20. gxh3 Rf3 21. Rfe1 Qxh3 22. Qe2 Qg4+ 23. Kf1 Raf8 24. Red1 Qh4 25. Ke1 g5 26. a3 g4 27. Ra2 Qh2 28. Rd3 Kg8 29. Kd1 g3 30. fxg3 Rf1+ 31. Kd2 R1f2 32. Bxf2 Rxf2 33. Re3 Rxe2+ 34. Rxe2 Qxg3 35. Ra1 Qf4+ 36. Kc2 Kf7 37. Rh1 Ke8 38. Kb2 h6 39. Rh5 Kf7 40. Reh2 Kg6 41. R5h4 Qg5 42. R4h3 h5 43. b4 Qg4 44. Rh4 Qd1 45. Rg2+ Kf5 46. Rhh2 e4 47. Rd2 Qe1 48. Rxh5+ Kf4 49. Rhh2 e3 50. Rde2 Qd1 51. Rc2 a5 52. Kb3 d5 53. cxd5 Qxd5+ 54. c4 Qd3+ 55. Ka4 Qd7+ 56. b5 Qd3 57. Rhg2 Kf3 58. Rh2 Qd1 59. Kb3 Ke4 60. Kc3 Qa1+ 61. Kb3 Kd3 62. Rhg2 Qb1+ 63. Rb2 Qd1+ 64. Rbc2 a4+ 65. Kb2 Kd4 66. Rh2 Ke4 67. Rh4+ Kf3 68. Rh3+ Kf4 69. Rh4+ Kg3 70. Rhh2 Qd4+ 0-1

[Event "Arctic Chess Challenge"]
[Site "Tromsoe"]
[Date "2008.08.10"]
[Round "9"]
[White "Sjol, Henrik"]
[Black "Madland, Kristoffer"]
[Result "0-1"]
[WhiteElo "1860"]
[BlackElo "2004"]
[PlyCount "92"]
[EventDate "2008.08.02"]
[EventType "swiss"]
[EventRounds "9"]
[EventCountry "NOR"]
[SourceTitle "CBM 125 Extra"]
[Source "ChessBase"]
[SourceDate "2008.09.01"]
[SourceVersion "1"]
[SourceVersionDate "2008.09.01"]
[SourceQuality "1"]

1. Nf3 Nf6 2. c4 c6 3. Nc3 d5 4. cxd5 cxd5 5. d4 Nc6 6. Bf4 Bf5 7. e3 e6 8. Bd3 Bxd3 9. Qxd3 Be7 10. h3 0-0 11. 0-0 Rc8 12. Rac1 Qa5 13. Ne5 g6 14. a3 Nxe5 15. dxe5 Nd7 16. Qe2 Nb6 17. Rfd1 Rc4 18. Na2 Rfc8 19. Rxc4 Rxc4 20. Rc1 Qc5 21. Qd2 Rxc1+ 22. Nxc1 Nc4 23. Qc3 b5 24. Nd3 Qc8 25. Nb4 Qb7 26. Nc2 a5 27. Qd4 Qb6 28. Qxb6 Nxb6 29. Nd4 Nc4 30. Nc6 Kf8 31. Kf1 Nxb2 32. Nxa5 Bxa3 33. Ke2 Nc4 34. Nb3 Bb2 35. Nd4 Bxd4 36. exd4 Ke7 37. Kd3 Kd7 38. Kc3 Kc6 39. Kb4 Kb6 40. Bc1 Na5 41. Be3 Nc6+ 42. Kb3 Ka5 43. Bd2+ b4 44. Be3 Kb5 45. f3 Na5+ 46. Kc2 Kc4 0-1

[Event "Arctic Chess Challenge"]
[Site "Tromsoe"]
[Date "2008.08.07"]
[Round "6"]
[White "Madland, Kristoffer"]
[Black "Jaeger, Frode Bull"]
[Result "1/2-1/2"]
[WhiteElo "2004"]
[BlackElo "2148"]
[PlyCount "40"]
[EventDate "2008.08.02"]
[EventType "swiss"]
[EventRounds "9"]
[EventCountry "NOR"]
[SourceTitle "CBM 125 Extra"]
[Source "ChessBase"]
[SourceDate "2008.09.01"]
[SourceVersion "1"]
[SourceVersionDate "2008.09.01"]
[SourceQuality "1"]

1. e4 e5 2. f4 exf4 3. Bc4 Nf6 4. Nc3 c6 5. d4 Bb4 6. Qe2 0-0 7. e5 d6 8. Bxf4 dxe5 9. Bxe5 Nd5 10. Qd3 Nd7 11. Bxd5 Nxe5 12. dxe5 Qxd5 13. Qxd5 cxd5 14. 0-0-0 Bxc3 15. bxc3 Be6 16. Nf3 Rac8 17. Kb2 Rc6 18. Rd3 Rfc8 19. Nd4 Rb6+ 20. Ka1 Kf8 1/2-1/2

[Event "Gausdal op-B"]
[Site "Gausdal"]
[Date "2008.04.13"]
[Round "6"]
[White "Wibe, Per H"]
[Black "Madland, Kristoffer"]
[Result "0-1"]
[WhiteElo "1791"]
[BlackElo "2029"]
[PlyCount "82"]
[EventDate "2008.04.08"]
[EventType "swiss"]
[EventRounds "9"]
[EventCountry "NOR"]
[SourceTitle "CBM 123 Extra"]
[Source "ChessBase"]
[SourceDate "2008.05.06"]
[SourceVersion "1"]
[SourceVersionDate "2008.05.06"]
[SourceQuality "1"]

1. e4 c5 2. Nf3 d6 3. d4 cxd4 4. Nxd4 Nf6 5. Nc3 g6 6. Be2 Bg7 7. Be3 0-0 8. Qd2 Nc6 9. Nxc6 bxc6 10. Bh6 Bxh6 11. Qxh6 Qa5 12. 0-0 Rb8 13. Rab1 Be6 14. a3 Rb7 15. Bd3 Rfb8 16. Nd1 c5 17. c4 Ng4 18. Qc1 Ne5 19. Be2 Nc6 20. Ne3 Nd4 21. Bd1 Bd7 22. Nd5 Bc6 23. b4 Qd8 24. b5 Bxd5 25. exd5 e5 26. dxe6 fxe6 27. Re1 a6 28. a4 d5 29. Bg4 axb5 30. axb5 Qd6 31. Ra1 Kg7 32. Qc3 e5 33. f4 e4 34. f5 gxf5 35. Bxf5 Qf6 36. Qg3+ Kh8 37. Bh3 Ne2+ 38. Rxe2 Qxa1+ 39. Re1 Qd4+ 40. Kh1 Rf8 41. Be6 Qf6 0-1

[Event "Gausdal op-B"]
[Site "Gausdal"]
[Date "2008.04.12"]
[Round "5"]
[White "Madland, Kristoffer"]
[Black "Haug, Marianne Wold"]
[Result "0-1"]
[WhiteElo "2029"]
[BlackElo "1753"]
[PlyCount "66"]
[EventDate "2008.04.08"]
[EventType "swiss"]
[EventRounds "9"]
[EventCountry "NOR"]
[SourceTitle "CBM 123 Extra"]
[Source "ChessBase"]
[SourceDate "2008.05.06"]
[SourceVersion "1"]
[SourceVersionDate "2008.05.06"]
[SourceQuality "1"]

1. e4 c5 2. d4 cxd4 3. c3 g6 4. cxd4 d5 5. e5 Bg7 6. Nf3 Bg4 7. Be2 Nc6 8. Be3 Nh6 9. Nbd2 0-0 10. h3 Bf5 11. a3 f6 12. exf6 exf6 13. 0-0 Be6 14. Nb3 f5 15. Nc5 Bc8 16. Qd2 Nf7 17. b4 a6 18. Rad1 Nd6 19. Ne5 Ne4 20. Nxe4 dxe4 21. Qa2+ Kh8 22. Nf7+ Rxf7 23. Qxf7 b5 24. Qa2 g5 25. d5 Ne5 26. f4 exf3 27. Bxf3 g4 28. Be2 g3 29. Rfe1 Qd6 30. Bf4 Qb6+ 31. Kh1 Bb7 32. d6 Bxg2+ 33. Kxg2 Qf2+ 0-1